Internet a práva autorov
Chápanie autorského práva po prijatí nového autorského zákona (zákon č. 618/2003 Z.z. o autorskom práve a právnych súvislostiach s autorským právom). Výhradné osobnostné práva autora.
Gespeichert in:
| 1. Verfasser: | |
|---|---|
| Format: | Buchkapitel |
| Sprache: | Slowakisch |
| Schlagworte: | |
| Tags: |
Keine Tags, Fügen Sie das erste Tag hinzu!
|
MARC
| LEADER | 00000naa$a2200000$$$4500 | ||
|---|---|---|---|
| 001 | 0041977 | ||
| 005 | 20231108132248.7 | ||
| 041 | 0 | |a slo | |
| 044 | |a SK | ||
| 245 | 1 | 0 | |a Internet a práva autorov |c Renáta Miščíková |
| 520 | |a Chápanie autorského práva po prijatí nového autorského zákona (zákon č. 618/2003 Z.z. o autorskom práve a právnych súvislostiach s autorským právom). Výhradné osobnostné práva autora. | ||
| 610 | 2 | 0 | |a právo autorské |
| 610 | 2 | 0 | |a ochrana autorstva |
| 610 | 2 | 0 | |a internet |
| 610 | 2 | 0 | |a úpravy právne |
| 610 | 2 | 0 | |a vlastníctvo duševné |
| 610 | 2 | 0 | |a ochrana práv priemyselných |
| 100 | 1 | |a Miščíková, Renáta | |